000 03619nam a22004097a 4500
005 20110512142810.0
010 _aENG-102462 B-445368-381
020 _a9789380408040
_c220.00
035 _aEN-85995 B-445368-381
037 _bDBAD/PUB
037 _bAllied Pub/Ven
082 _a621.3815
100 _aRajeev Ratan
_943829
245 _aDigital electronics /
_cby Rajeev Ratan [and] Deepak Batra
260 _aNew Delhi
_bACME Learning
_c2009
270 _a2/8, Ansari Road, Daryaganj
_bNew Delhi
_e110002
300 _ax, 448 p. :
_c23cm (pbk)
_bill
500 _aIncludes bibliographical references and index
700 _928039
_aBatra, Deepak
942 _2ddc
_cEN
_h621.3815
_mRAJ
999 _c52399
_d52399